|
|
|
|
| LEADER |
00000 a2200000 4500 |
| 001 |
RU/ROS-EDU.RU/128614 |
| 856 |
4 |
|
|u https://www.ros-edu.ru/book?id=128614
|z Перейти к просмотру издания
|
| 010 |
|
|
|a 978-5-521-08219-3
|
| 100 |
|
|
|a 20180101d2018 |||y0rusy0250
|
| 105 |
|
|
|a y z 000zy
|
| 101 |
0 |
|
|a rus
|
| 102 |
|
|
|a RU
|
| 200 |
1 |
|
|a The Time Machine
|b Электронный ресурс
|f H. G. Wells
|
| 700 |
|
1 |
|b H. G.
|a Wells
|4 070
|
| 330 |
|
|
|a Herbert George Wells (1866 – 1946) was an English writer. He was prolific in many genres, writing doz-ens of novels, short stories, and works of social commentary, but he is now best remembered for his science fiction novels. «The Time Machine» is a science fiction novella and the first and greatest modern portrayal of time-travel. When a Victorian scientist propels himself into the year 802,701 AD, he is initially delighted to find that suffering has been replaced by beauty, contentment and peace.
|
| 210 |
|
|
|a Москва
|c Т8 Издательские технологии, RUGRAM
|d 2018
|
| 610 |
1 |
|
|a художественная литература
|
| 610 |
1 |
|
|a зарубежная проза
|
| 610 |
1 |
|
|a английский язык
|
| 610 |
1 |
|
|a классика
|
| 610 |
1 |
|
|a произведение
|
| 610 |
1 |
|
|a научно-фантастическая повесть
|
| 675 |
|
|
|a 82
|
| 686 |
|
|
|a 84
|2 rubbk
|
| 300 |
|
|
|a Книга находится в премиум-версии платформы «Русский как иностранный».
|
| 215 |
|
|
|a 122 с.
|